000 00600nam a22001937a 4500
005 20220208181927.0
007 cr
008 180912cr xxu||||| |||| 00| 0 eng d
020 _a978-987-1506-29-3
020 _a978-987-1506-37-8
082 0 4 _214
_a324.2
110 1 _99044
_aUnión del Personal Civil de la Nación .
245 1 0 _aPerón habla a los trabajadores /
_cUnión Personal Civil de la Nación
260 _aBuenos Aires :
_bUnión Personal Civil de la Nación,
_c2019
300 _a2 v.
650 2 4 _9553
_aPERONISMO
650 2 7 _2unescot
_91665
_aPARTIDO POLITICO
942 _2ddc
_cLIBRO
999 _c7411
_d7411
980 _619226
_a Palazón Marcela
_819226
_g Palazón Marcela